Cestovný ruch je u nás prioritou - teoretickou

Bibliographic Details
Main Author: Bučeková, Alena (Author)
Format: Article
Language:Slovak
ISSN:1335-6909
Subjects:

MARC

LEADER 00000nab a2200000 a 4500
001 vtls000743919
003 SK-MaSNL
005 20260302193828.0
008 180207c2000 xo 0 slo
015 |a SNBRB2001/01-03303 
035 |a CLN000095756 
040 |a SNKBUCL  |b slo  |c SNKBUCL  |e AACR2 
041 0 |a slo 
044 |a xo  |c SK 
080 |a 338.48:061.66(437.6)  |2 UDC-MRF-SK2 
100 1 |a Bučeková, Alena  |4 aut  |9 765393 
245 1 0 |a Cestovný ruch je u nás prioritou - teoretickou  |c Alena Bučeková 
610 2 7 |a Slovenská agentúra pre cestovný ruch  |2 snkbucl  |9 70195 
650 0 7 |a ruch cestovný  |z Slovensko  |2 snkbucl  |9 304000 
655 7 |a články z novín a časopisov  |2 snkbucl  |9 267496 
773 0 |x 1335-6909  |t Kormorán  |g Roč. 3, č. 11 (2000), s. 47 
850 |a Slovenská národná knižnica v Martine 
852 |a SNK  |b KIS3GCP 
958 |a RBX 
999 |c 1446067  |d 1447997